000
00296nam a2200133Ia 4500
005
20251222154400.0
008
251222s9999||||xx |||||||||||||| ||spa||
082
_a
813.54/L99
100
_a
Lutz, John
245
0
_a
La Deuda de Dancer
250
_a
1ra.ed.
264
_b
PenĂsula
942
_c
LIB
999
_c
35235
_d
35235